[Event "ROM-ch U08"]
[Site "Calimanesti"]
[Date "2014.04.10"]
[Round "6"]
[White "Petrescu, Tudor"]
[Black "Vezentan, Tudor"]
[Result "1-0"]
[WhiteElo "1033"]
[BlackElo "1001"]
[PlyCount "39"]
[EventDate "2014.04.06"]
[EventType "swiss"]
[EventRounds "9"]
[EventCountry "ROU"]
[SourceTitle "CBM 160 Extra"]
[Source "ChessBase"]
[SourceDate "2014.07.01"]
[SourceVersion "1"]
[SourceVersionDate "2014.07.01"]
[SourceQuality "1"]

1. e4 e5 2. Nf3 Nc6 3. d4 Nf6 4. Nc3 Bb4 5. dxe5 Nxe5 6. Nxe5 Qe7 7. f4 Nxe4 8. a3 Nxc3 9. bxc3 Bxc3+ 10. Bd2 Bxa1 11. Qxa1 d6 12. Bc3 dxe5 13. fxe5 Bg4 14. h3 Bf5 15. Bb4 Qe6 16. g4 Bxc2 17. Qc3 Be4 18. Qxc7 Bxh1 19. Bc4 Qc6 20. Qe7# 1-0